<?xml version="1.0" encoding="UTF-8"?>
<record
    xmlns:xsi="http://www.w3.org/2001/XMLSchema-instance"
    xsi:schemaLocation="http://www.loc.gov/MARC21/slim http://www.loc.gov/standards/marcxml/schema/MARC21slim.xsd"
    xmlns="http://www.loc.gov/MARC21/slim">

  <leader>01021nam a2200253 a 4500</leader>
  <datafield tag="999" ind1=" " ind2=" ">
    <subfield code="c">357831</subfield>
    <subfield code="d">357831</subfield>
  </datafield>
  <controlfield tag="001">000000424404</controlfield>
  <controlfield tag="003">IT-MiSPE</controlfield>
  <controlfield tag="005">20180506133119.0</controlfield>
  <controlfield tag="008">160530s2016    it            000 u ita d</controlfield>
  <datafield tag="020" ind1=" " ind2=" ">
    <subfield code="a">9788821598630</subfield>
  </datafield>
  <datafield tag="040" ind1=" " ind2=" ">
    <subfield code="a">IT-MiSPE</subfield>
    <subfield code="b">ita</subfield>
    <subfield code="d">lco</subfield>
    <subfield code="c">IT-MiSPE</subfield>
  </datafield>
  <datafield tag="082" ind1=" " ind2=" ">
    <subfield code="a">248.4-RON er nu (23123)</subfield>
  </datafield>
  <datafield tag="100" ind1="1" ind2=" ">
    <subfield code="a">Ronchi, Ermes Maria,</subfield>
    <subfield code="c">o.s.m.</subfield>
    <subfield code="9">57014</subfield>
  </datafield>
  <datafield tag="245" ind1="1" ind2="3">
    <subfield code="a">Le nude domande del Vangelo : </subfield>
    <subfield code="b">meditazioni proposte a papa Francesco e alla Curia romana /</subfield>
    <subfield code="c">Ermes Ronchi.</subfield>
  </datafield>
  <datafield tag="260" ind1=" " ind2=" ">
    <subfield code="a">Cinisello Balsamo (MI) :</subfield>
    <subfield code="b">San Paolo,</subfield>
    <subfield code="c">&#xA9;2016.</subfield>
  </datafield>
  <datafield tag="300" ind1=" " ind2=" ">
    <subfield code="a">200 p. ;</subfield>
    <subfield code="c">21 cm</subfield>
  </datafield>
  <datafield tag="490" ind1="1" ind2=" ">
    <subfield code="a">Dimensioni dello spirito ;</subfield>
    <subfield code="v">322</subfield>
  </datafield>
  <datafield tag="655" ind1=" " ind2="7">
    <subfield code="a">Spiritualit&#xE0;. Vita spirituale. Ostacoli. Virt&#xF9;. Mezzi</subfield>
    <subfield code="x">Esercizi spirituali non ignaziani - Ritiri (italiano)</subfield>
    <subfield code="2">local</subfield>
    <subfield code="9">57015</subfield>
  </datafield>
  <datafield tag="655" ind1=" " ind2="7">
    <subfield code="a">Spiritualit&#xE0;. Generalit&#xE0;. Storia anteriore al 1600</subfield>
    <subfield code="x">Bibbia e spiritualit&#xE0;.</subfield>
    <subfield code="2">local</subfield>
    <subfield code="9">57016</subfield>
  </datafield>
  <datafield tag="830" ind1=" " ind2="0">
    <subfield code="a">Dimensioni dello spirito ;</subfield>
    <subfield code="v">322.</subfield>
    <subfield code="9">57017</subfield>
  </datafield>
  <datafield tag="942" ind1=" " ind2=" ">
    <subfield code="2">ddc</subfield>
    <subfield code="c">BK</subfield>
  </datafield>
  <datafield tag="952" ind1=" " ind2=" ">
    <subfield code="0">0</subfield>
    <subfield code="1">0</subfield>
    <subfield code="2">ddc</subfield>
    <subfield code="4">0</subfield>
    <subfield code="6">248_000000000000000_4RON_ER_NU_23123</subfield>
    <subfield code="7">1</subfield>
    <subfield code="a">CINISELLO</subfield>
    <subfield code="b">CINISELLO</subfield>
    <subfield code="d">2018-05-05</subfield>
    <subfield code="l">0</subfield>
    <subfield code="o">248.4-RON er nu (23123)</subfield>
    <subfield code="p">9788821598630</subfield>
    <subfield code="r">2018-05-05 00:00:00</subfield>
    <subfield code="w">2018-05-05</subfield>
    <subfield code="y">BK</subfield>
  </datafield>
</record>
